Reforma?

Bibliographic Details
Main Author: Kríž, Martin (Author)
Format: Article
Language:Slovak
PhysicalDescription:Fotogr.
ISSN:1336-5932
Subjects:

MARC

LEADER 00000nab a2200000 a 4500
001 vtls009298032
003 SK-MaSNL
005 20260426070900.0
008 140515c2008 xo wr|p|||||||000 b|slo
015 |a SNBRB2008/05  |2 snkbucl 
040 |a SNKBUCL  |b slo  |c SNKBUCL  |e AACR2 
041 0 |a slo 
044 |a xo  |c SK 
080 |a 37.014.3  |x (437.6)  |2 2001 
080 |a 061.61:37  |x (437.6)  |2 2001 
100 1 |a Kríž, Martin  |4 aut  |9 300369 
245 1 0 |a Reforma?  |c Martin Kríž 
300 |b Fotogr. 
610 2 7 |a Štátny pedagogický ústav (Bratislava, Slovensko)  |x Štátny vzdelávací program  |2 snkbucl  |9 1324359 
650 0 7 |a školské reformy  |2 snkbucl  |9 50060 
651 7 |a Slovensko  |2 snkbucl  |9 14231 
773 0 |t Týždeň  |g Roč. V, č. 20 (2008), s. 40-41  |x 1336-5932 
852 |a SNK  |b KIS3GCP 
958 |a SK 
999 |c 2672183  |d 2674113